UM Logo

Programming fundamentals using java : (Record no. 18876)

MARC details
000 -LEADER
fixed length control field 00693nam a22001817a 4500
008 - FIXED-LENGTH DATA ELEMENTS--GENERAL INFORMATION
fixed length control field 240202b ||||| |||| 00| 0 eng d
020 ## - INTERNATIONAL STANDARD BOOK NUMBER
International Standard Book Number 9781683926696
082 ## - DEWEY DECIMAL CLASSIFICATION NUMBER
Edition number 2021
Classification number DC 005.133
Item number M117
100 ## - MAIN ENTRY--PERSONAL NAME
Personal name McAllister, William.
9 (RLIN) 51210
245 ## - TITLE STATEMENT
Title Programming fundamentals using java :
Remainder of title a game application approach /
Statement of responsibility, etc. William McAllister and S. Jane Fritz.
250 ## - EDITION STATEMENT
Edition statement Second edition.
260 ## - PUBLICATION, DISTRIBUTION, ETC. (IMPRINT)
Place of publication, distribution, etc. New Delhi :
Name of publisher, distributor, etc. Mercury Learning and Information,
Date of publication, distribution, etc. ©2021.
300 ## - PHYSICAL DESCRIPTION
Extent xxvi, 749 pages :
Other physical details color illustrations ;
Dimensions 26 cm.
Accompanying material 1 compact disc.
500 ## - GENERAL NOTE
General note Includes index.
650 ## - SUBJECT ADDED ENTRY--TOPICAL TERM
Topical term or geographic name as entry element Java (Computer program language).
9 (RLIN) 51674
700 ## - ADDED ENTRY--PERSONAL NAME
Personal name Fritz, S. Jane.
Relator term author.
9 (RLIN) 51211
942 ## - ADDED ENTRY ELEMENTS (KOHA)
Source of classification or shelving scheme Dewey Decimal Classification
Koha item type Circulation
Holdings
Withdrawn status Lost status Source of classification or shelving scheme Damaged status Not for loan Collection code Home library Current library Date acquired Source of acquisition Cost, normal purchase price Total Checkouts Full call number Barcode Date last seen Price effective from Koha item type
    Dewey Decimal Classification     Circulation UM Digos College - LIC UM Digos College - LIC 08/08/2023 Purchased 6899.00   DC 005.133 M117 2021 27626 05/15/2025 02/02/2024 Circulation